Schwarz-Weiße Fußballwappen - Statistiken

Allgemein
  • Dieses Quiz wurde 78 mal gespielt
  • Das Durchschnittsergebnis liegt bei 13 aus 16
Antwortstatistiken
Bildquiz Antwort % Korrekt
Werder Bremen
100%
Inter Mailand
93%
Atletico Madrid
91%
AC Fiorentina
88%
Benfica Lissabon
88%
FC Sevilla
88%
Wolverhampton Wanderers
88%
Dinamo Zagreb
87%
Leeds United
87%
Dynamo Kiew
85%
FC Fulham
85%
Besiktas JK
81%
Legia Warschau
79%
Sparta Prag
76%
RCD Mallorca
72%
AC Le Havre
48%
Keine übereinstimmenden Quizze gefunden
Verteilung der Resultate
Anzahl Personen mit jedem Resultat
Perzentil nach korrekt beantworteten Fragen
Ihre Resultats-Entwicklung
Sie haben dieses Quiz noch nicht gespielt